| 000 | 01670nam a2200481 ib4500 | ||
|---|---|---|---|
| 001 | vtls000848506 | ||
| 003 | PNM | ||
| 005 | 20200713151727.0 | ||
| 008 | 180306t20182018my a j 000 0 may | ||
| 015 | _aM18-03042 | ||
| 020 |
_a9789670789934 _qpaperback _cRM17.90 |
||
| 039 | 9 |
_a201812011231 _birfah _c201811131614 _dhazwani _c201808071349 _drosliza _c201804180928 _dnor_afizah |
|
| 040 |
_aBNM _beng _cBNM _dPNM _dPPAK _erda |
||
| 049 | _aklpmal | ||
| 082 | 0 | 4 |
_a612 _223 |
| 090 | 0 | 0 |
_a612 _bATL _dK |
| 245 | 0 | 0 |
_aATLAS ANGGOTA BADAN / _cSuntingan oleh: Galia Lami Dozo - van der Kar ; Illustrasi oleh: Vivi et Gus ; Terjemahan oleh: Advantage Quest Sdn. Bhd. |
| 264 | 1 |
_a[Petaling Jaya, Selangor] : _bAdvantage Quest Sdn. Bhd., _c[2018?] |
|
| 264 | 4 | _c©2018 | |
| 300 |
_a24 pages : _bcolour illustrations ; _c30 cm. |
||
| 336 |
_atext _2rdacontent |
||
| 336 |
_astill image _2rdacontent |
||
| 337 |
_aunmediated _2rdamedia |
||
| 338 |
_avolume _2rdacarrier |
||
| 490 | 1 | _aAtlas. | |
| 650 | 1 | 0 |
_aHuman body _vJuvenile literature |
| 650 | 2 | 0 |
_aHuman physiology _vJuvenile literature |
| 700 | 1 |
_aLami Dozo-van der Kar, Galia, _eeditor. |
|
| 700 | 0 |
_aVivi, _eillustrator. |
|
| 700 | 0 |
_aGus, _eillustrator. |
|
| 710 | 2 |
_aAdvantage Quest Sdn. Bhd., _etranslator. |
|
| 830 | 0 | _aAtlas. | |
| 942 |
_2ddc _cB |
||
| 949 |
_62000616896 _a612 ATL f M |
||
| 949 |
_62000616895 _a612 ATL f M |
||
| 949 |
_62000616894 _a612 ATL f M |
||
| 949 |
_62000098369 _a612 ATL f M _e2540737 |
||
| 949 |
_62000098370 _a612 ATL f M _e2540738 |
||
| 949 |
_61001304454 _e2540735 |
||
| 949 |
_61001304455 _e2540736 |
||
| 949 |
_61001304456 _e2540739 |
||
| 949 |
_61001304457 _e2540740 |
||
| 999 |
_c177883 _d177883 |
||